| 000 | 01311cam a22004694i 4500 | ||
|---|---|---|---|
| 003 | PE-LiUPU | ||
| 005 | 20250916112647.0 | ||
| 008 | 150623s2000 bl a rb 000 0 spa d | ||
| 020 | _a8527502194 | ||
| 035 | _a(Sirsi) i9788527502191 | ||
| 040 |
_aPE-LiUPU _bspa _cPE-LiUPU _erda |
||
| 049 | _aPRUA | ||
| 082 | 0 | 4 |
_a230.03 _bC672d _221 |
| 100 | 1 |
_aCoenen, Lothar, _eautor. |
|
| 245 | 1 | 0 |
_aDicionário internacional de teología do Novo Testamento / _cLothar Coenen y Colin Brown. |
| 264 | 1 |
_aSao Paulo : _bEdicoes Vida Nova, _c2000. |
|
| 300 |
_apáginas 1361-2773 : _bilustraciones ; _c25 cm |
||
| 336 |
_atext _2rdacontent |
||
| 337 |
_aunmediated _2rdamedia |
||
| 338 |
_avolume _2rdacarrier |
||
| 504 | _aIncluye bibliografía. | ||
| 505 | 0 | _aDiccionario de teología del Nuevo Testamento de la N - Z. | |
| 526 | _aSEG44 | ||
| 526 | _aSEG26 | ||
| 526 | _aP151 | ||
| 526 | _aP150 | ||
| 526 | _aP149 | ||
| 526 | _aP146 | ||
| 526 | _aP145 | ||
| 526 | _aP126 | ||
| 526 | _aP125 | ||
| 526 | _aP92 | ||
| 526 | _aP75 | ||
| 526 | _aP74 | ||
| 526 | _aP27 | ||
| 526 | _aP15 | ||
| 630 |
_aBiblia. _pNuevo Testamento _vDiccionarios. |
||
| 700 | 1 |
_aBrown, Colin, _d1932. _eautor. |
|
| 942 |
_2ddc _cBK |
||
| 980 |
_818226 _gJaime Vilcazán Jefe de Análisis Documental |
||
| 999 |
_c30539 _d30539 |
||